| 000 | 00514nam a2200181 i 4500 | ||
|---|---|---|---|
| 001 | bg | ||
| 100 | 1 | _aKLEPACKA, Biruta | |
| 245 | 0 |
_aĆwiczenia laboratoryjne z technologii wody i ścieków / _cBiruta Klepacka, B. Ptaszek, T. Wierzbicki. |
|
| 260 |
_aBiałystok, _c1978. |
||
| 490 | 1 |
_aSkrypty = _aPolitechnika Białostocka |
|
| 700 | 1 | _aPTASZEK, Bogdan | |
| 700 | 1 | _aWIERZBICKI, Tadeusz | |
| 830 | 0 | _aSkrypty | |
| 040 | _cBPK | ||
| 041 | _apol | ||
| 942 | _cKS | ||
| 008 | s pl f |000 0 pol | ||
| 999 |
_c18368 _d18368 |
||
| 856 |
_uhttp://koha.tu.koszalin.pl/cgi-bin/koha/opac-detail.pl?biblionumber=18368 _yKatalog online BPK |
||